=LDR 00000nam 2200000 4500 =001 INLIS000000000046839 =005 20170118100440.0 =006 =007 =008 =020 ##$$a978-979-788-266-2 =035 ##$$0010-051500000000098 =082 ##$$a 378.16 Mem m =100 ##$$aTIM SUKSES =245 ##$$a Membuka Tabir Rahasia Ujian Saringan Masuk ( USM) $b STAN =260 ##$$a JAKARTA $b CERDAS INTERAKTIF $c 2011 =300 ##$$a IV; 187 Hlm =850 ##$$aNBPNMAT =990 ##$$a21423843 =990 ##$$a 0066/BPAP-NTB/2015 =990 ##$$a 0001/BPAP-NTB/2016